| 000 | 00352nam a22001577a 4500 | ||
|---|---|---|---|
| 003 | SGT | ||
| 020 | _a9789356968127 | ||
| 082 |
_a611 _bI25P |
||
| 100 | _aPUSHPALATHA, K | ||
| 245 | _aINDERBIR SINGH'S TB. OF HUMAN HISTOLOGY | ||
| 250 | _a11TH | ||
| 260 |
_aINDIA _bJAYPEE PUB _c2025 |
||
| 300 | _a351 | ||
| 650 | _aHUMAN ANATOMY | ||
| 942 |
_2ddc _cBK |
||
| 999 |
_c30666 _d30666 |
||